000 00640nam a2200229Ia 4500
003 OSt
005 20220928131002.0
006 a|||||r|||| 00| 0
007 ta
008 220927b |||||||| |||| 00| 0 eng d
024 _a75099
037 _cTextual
040 _aSDCL
_cSDCL
_beng
041 _2eng
_aeng
082 _aO-,1N07x, L7
100 _aAuden
_9476762
245 0 _aEnglish Auden
_b Poems , essays and dramatic writing,1927-39. Ed by Edward Mendelson.
260 _aLondon
_bFaber and Faber
_c1977
300 _axxiii,469p
_ccm.
942 _hO-,1N07x, L7
_cTEXL
_2CC
999 _c789234
_d789234